| 000 | 00762nam a2200253 04500 | ||
|---|---|---|---|
| 001 | 45565 | ||
| 010 | _a9789896335168 | ||
| 021 | _b338651/12 | ||
| 090 | _a45565 | ||
| 100 | _a20130212d2012 d y0pory50030103ba | ||
| 101 | 1 | _aporeng | |
| 102 | _aPT | ||
| 200 | 1 |
_aDinossauros surpreendentes _fil. F. Valiente _e com muitas janelas para abrir |
|
| 210 | 9 |
_aSintra _cGirassol, _dD.L. 2012 |
|
| 215 |
_a[11] p. _cmuito il. _d28 cm |
||
| 225 | 2 | _aJanelas curiosas | |
| 225 | 2 | _aGirassol | |
| 300 | _aEd. escrita segundo o novo acordo ortográfico | ||
| 675 | _a598 | ||
| 675 |
_a087.5 _vBN _zpor |
||
| 702 | 1 |
_aValiente, _bF. _4440 |
|
| 801 | 0 |
_aPT _bBN _gRPC |
|
| 856 | 4 | 1 | _uhttp://rnod.bnportugal.gov.pt/ImagesBN/winlibimg.aspx?skey=&doc=1830714&img=26039&save=true |
| 990 | _cLIVROS | ||